NFL Player by Number and Team - Statistics

General Stats
  • This quiz has been taken 18 times
  • The average score is 9 of 32
Answer Stats
Hint Answer % Correct
#80/Panthers Ian Thomas
56%
#21/Ravens Mark Ingram
50%
#14/Chiefs Sammy Watkins
44%
#22/Bengals William Jackson
44%
#25/Falcons Ito Smith
38%
#27/Browns Kareem Hunt
38%
#55/Broncos Bradley Chubb
31%
#10/Bills Cole Beasley
31%
#17/Colts Devin Funchess
31%
#84/Jaguars Keelan Cole
31%
#56/49ers Kwon Alexander
31%
#91/Redskins Ryan Kerrigan
31%
#25/Steelers Artie Burns
25%
#97/Dolphins Christian Wilkins
25%
#20/Chargers Desmond King
25%
#21/Giants Jabrill Peppers
25%
#15/Patriots N'Keal Harry
25%
#21/Saints Patrick Robinson
25%
#20/Bears Prince Amukamara
25%
#26/Vikings Trae Waynes
25%
#74/Buccaneers Ali Marpet
19%
#34/Jets Brian Poole
19%
#14/Cardinals Damiere Byrd
19%
#26/Packers Darnell Savage Jr.
19%
#84/Seahawks Ed Dickson
19%
#77/Lions Frank Ragnow
19%
#38/Cowboys Jeff Heath
19%
#20/Texans Justin Reid
19%
#29/Raiders Lamarcus Joyner
19%
#26/Titans Logan Ryan
19%
#19/Eagles J.J Arcega-Whiteside
13%
#50/Rams Samson Ebukam
13%
No matching quizzes found
Score Distribution
Percent of People with Each Score
Percentile by Number Answered
Your Score History
You have not taken this quiz